000 01388nam0a2200349 4500
001 RU\NLR\BIBL_A\011695282
005 20180530153602.0
010 _a978-5-00116-059-5
_94000
021 _aRU
_bКН-П-18-1832
_9КН-П-18-025086
035 _a(NLR Aleph) 011695282
035 _a(RuMoRGB)009593900
090 _a11360642
_c11360642
100 _a20180508d2018 c y0rusy50 ca
101 1 _arus
_ceng
102 _aRU
105 _aa|||z|||000zy
200 1 _aКнига природы
_eмир вокруг - мой лучший друг!
_e[игры и поделки внутри!
_eдля детей дошкольного и младшего школьного возраста]
_fКлэр Битон
_g[перевод с английского: М. Шилова]
210 _aСанкт-Петербург [и др.]
_cПитер
_d2018
215 _a31, [1] с.
_cцв. ил.
_d29
225 1 _aСерия "Вы и ваш ребёнок"
333 _a6+
606 1 _aПоделки
_xИзготовление
_jИздания для детей
_2nlr_sh1
_2nlr_sh2
_3RU\NLR\AUTH\661256023
686 _aШ9:Е(2)
_2rubbk
686 _aШ993(2)
_2rubbk
686 0 _aШ993
700 1 _aБитон
_bК.
_gКлэр
_3RU\NLR\AUTH\770189423
942 _cBOOK
980 _aNBR
980 _aNB